| 000 | 00563nam a2200169 i 4500 | ||
|---|---|---|---|
| 001 | 23238 | ||
| 003 | ES-MaACL | ||
| 005 | 20251014063052.0 | ||
| 007 | t| | ||
| 008 | 021209s1895 sp ||||1| spa d | ||
| 100 | 1 |
_aAlzola y Minondo, Pablo de, _d1841-1912 _921064 |
|
| 245 | 1 | 0 |
_aRelaciones comerciales entre la península y las Antillas _b: año 1895 / _cPablo de Alzola y Minondo. |
| 260 |
_aMadrid : _b[s.n., _c1895] ( _fImp. Vda. de M. Minuesa de los Ríos) |
||
| 300 |
_a331 p. ; _c24 cm. |
||
| 852 |
_aES-MaACL _jF-10911 |
||
| 999 |
_c23238 _d23238 |
||